Giáo trình vi sinh vật học đại cương
Giáo trình giới thiệu các đối tượng nghiên cứu và lịch sử phát triển của vi sinh vật học, vi khuẩn, virus, vi sinh vật chân hạch
Đã lưu trong:
| 主要作者: | |
|---|---|
| 格式: | 圖書 |
| 語言: | Undetermined |
| 出版: |
Cần Thơ
Đại học Cần Thơ
2011
|
| 主題: | |
| 標簽: |
添加標簽
沒有標簽, 成為第一個標記此記錄!
|
| Thư viện lưu trữ: | Trung tâm Học liệu Trường Đại học Cần Thơ |
|---|
| LEADER | 00938nam a2200229Ia 4500 | ||
|---|---|---|---|
| 001 | CTU_171461 | ||
| 008 | 210402s9999 xx 000 0 und d | ||
| 020 | |c 26000 | ||
| 082 | |a 579 | ||
| 082 | |b Đ307 | ||
| 100 | |a Cao, Ngọc Điệp | ||
| 245 | 0 | |a Giáo trình vi sinh vật học đại cương | |
| 245 | 0 | |c Cao Ngọc Điệp, Nguyễn Hữu Hiệp | |
| 260 | |a Cần Thơ | ||
| 260 | |b Đại học Cần Thơ | ||
| 260 | |c 2011 | ||
| 520 | |a Giáo trình giới thiệu các đối tượng nghiên cứu và lịch sử phát triển của vi sinh vật học, vi khuẩn, virus, vi sinh vật chân hạch | ||
| 526 | |a TT. Vi sinh vật học,Vi sinh học đại cương B,Vi sinh vật học | ||
| 526 | |b TN145,CS111,TN144 | ||
| 650 | |a Vi sinh vật học,Microorganism | ||
| 904 | |i Huỳnh Mai | ||
| 980 | |a Trung tâm Học liệu Trường Đại học Cần Thơ | ||